000 01256nam a22003617a 4500
003 CHAP
005 20220329135536.0
008 971013s1982 r 00010 d
010 _a38239
011 _a39211
035 _a43331
040 _cCHAP
082 _a506
_bP3
100 0 0 _aPaz de Erickson, Ana María.
_986347
245 _aSiglas de ciencias agrícolas y afines
260 _aTurrialba, C.R. :
_bAsociación Interamericana de Bibliotecarios y Documentalistas Agrícolas,
_c1982
300 _a105 p.
490 _aAIBDA. Boletín especial
_v; 21
590 _aBATCH-UPD
_b10
_c20130109
_lUCH01
_h2349
590 _aBATCH-UPD
_b10
_c20130110
_lUCH01
_h1907
590 _aBATCH-UPD
_b10
_c20130409
_lUCH01
_h1920
590 _aBATCH-UPD
_b10
_c20130410
_lUCH01
_h1234
590 _aBATCH-UPD
_b10
_c20130913
_lUCH01
_h2321
590 _aCONVERSION
_b10
_c20130109
_lUCH01
_h1321
650 1 4 _aInstituciones científicas
_xSiglas.
_958979
650 1 4 _aOrganismos Internacionales Agrícolas.
_983526
710 0 _aAIBDA.
_93117
830 0 _aAIBDA. Boletín especial
_v; 21
_93118
901 _aBK
942 _cLIBRO
949 _a506 P3
_bBC
_cB
_d-99330
_eB
_h62316
_i43331
_mD
_si
949 _a506 P3
_bBC
_cB
_d33724000134912
_eB
_fc.2
_h73372
_i43331
_mD
_si
999 _c38239
_d38239